Hasta Donde - Rauw Alejandro, Cazzu - Estadísticas

Estadísticas generales
  • Esta prueba ha sido intentada 24 veces
  • La puntuación promedio es 220 de 440
Estadísticas de respuestas
Letra % Correcto
a
100%
amor
67%
antes
67%
bebé
67%
besas
67%
besé
67%
cuando
67%
de
67%
deje
67%
donde
67%
dos
67%
eh
67%
eriza
67%
ha
67%
has
67%
la
67%
La
67%
la'
67%
llegaré
67%
Lo
67%
lo
67%
me
67%
Me
67%
meto
67%
67%
miedo
67%
mundo
67%
nadie
67%
niña
67%
No
67%
no
67%
no'
67%
pa'
67%
Pa'
67%
Pero
67%
pero
67%
piel
67%
que
67%
qué
67%
Que
67%
respeto
67%
67%
Se
67%
se
67%
ser
67%
Ser
67%
si
67%
Si
67%
67%
siempre
67%
solía
67%
Solo
67%
solo
67%
soy
67%
toca
67%
67%
tu
67%
67%
uste'
67%
ve
67%
Y
67%
y
67%
yo
67%
Yo
67%
Ahora
33%
algo
33%
amarte
33%
amigo'
33%
ansiedad
33%
baby
33%
bellaco
33%
bellaquera
33%
búscame
33%
busqué
33%
cada
33%
calentar
33%
calme
33%
cama
33%
cara
33%
cartera
33%
case
33%
causa
33%
cerebro
33%
como
33%
Como
33%
compararme
33%
completa
33%
completo
33%
con
33%
confías
33%
confieso
33%
contigo
33%
cuánto
33%
cuello
33%
cuerpo
33%
darme
33%
Deja
33%
Déjame
33%
dejes
33%
descuida
33%
deseo
33%
Desnuda
33%
dijo
33%
dudes
33%
el
33%
empieces
33%
en
33%
enamorarte
33%
encanta
33%
era
33%
es
33%
ese
33%
esperabas
33%
Esta
33%
esta
33%
estar
33%
estoy
33%
Estoy
33%
evitar
33%
fase
33%
flaquea
33%
hacer
33%
hacerte
33%
haga
33%
hasta
33%
Hasta
33%
hazme
33%
Házmelo
33%
házmelo
33%
ilegal
33%
indefenso
33%
lavó
33%
los
33%
ma'
33%
Mami
33%
más
33%
mía
33%
mío
33%
Mirándome
33%
moja'
33%
mojarte
33%
mucho
33%
nacido
33%
naciste
33%
nada
33%
noche
33%
Nunca
33%
nunca
33%
papi
33%
pares
33%
partes
33%
pienso
33%
podrás
33%
por
33%
provoca
33%
puedes
33%
quedar
33%
quede
33%
quería
33%
quiera'
33%
quiere
33%
quiero
33%
quitar
33%
razón
33%
ropa
33%
sabes
33%
sentido
33%
serio
33%
sientas
33%
siento
33%
similar
33%
sincero
33%
sosa
33%
te
33%
Te
33%
temías
33%
tengo
33%
ti
33%
tocar
33%
tocarte
33%
toto
33%
Tranquila
33%
Tranquilo
33%
tus
33%
un
33%
única
33%
va
33%
vez
33%
vida
33%
vienes
33%
viviste
33%
weekends
33%
Ya
33%
ya
33%
Clutch
0%
desveló
0%
llamarte
0%
llena
0%
mano'
0%
sammy
0%
trepase
0%
No se encontraron pruebas coincidentes
Distribución de puntuación
Porcentaje de gente con cada puntuación
Porcentaje por número respondido
Historial de tus puntuaciones
No has intentado esta prueba.